| 000 | 01432nam a2200193Ia 4500 | ||
|---|---|---|---|
| 008 | 220107t1961||||xx |||||||||||||| ||und|| | ||
| 040 |
_aBoOrUTOFe _bEs _cUTO |
||
| 044 | _aMX | ||
| 082 |
_aeco 920 _bF76 |
||
| 110 | _aBiografias gandesa | ||
| 245 | 0 | _aForjadores del mundo | |
| 246 | _aFounders of the World | ||
| 260 |
_aMéxico: _bGrijalbo, _c1961 |
||
| 300 |
_a518p. _bilus. _c21,5cm |
||
| 505 | _aLuis de saint-just, chateaubriand, el duque de wellington, napoleon bonaparte, alejandro de humboldt, francisco jose de caldas, federico hegel, ludwing van beethoven, friedrich holderlin, walter scott, federico schlegel, clemente metternich, daniel o´connell, andres maria ampere, johann friedrich herbart, karl von clausewitz, jorge stephenson, joaquin suarez, stendhal, louis jacques mande daguerre, arthur schopenhauer, jean-françois champollion, samuel morse, miguel faraday, pio IX, andres de santa cruz, tomas carlyle, franz schubert, augusto comte, alejandro s. pushkin, benjamin disraeli, fernando de lesseps, john stuart millgiuseppe garibaldi, manuel isidoro belzu, manuel montt, domingo faustino sarmiento, alfred krupp, juan prim, otto von bismarck, federico engels, tomas h. huxley, rafael nuñez, julio verne, juan enrique dunant, alfredo nobel, ricardo palma, gottleb daimler, edgar-hilaire degas, gustavo adolfo becquer | ||
| 650 | _aForjadores del mundo | ||
| 655 | _aLibros de Texto | ||
| 942 |
_cLI _zFCEFA25 |
||
| 999 |
_c4853 _d4853 _x1 |
||